Ethics, Politics and Justice in Dante (Record no. 47146)

MARC details
000 -LEADER
fixed length control field 01718nam a2200277Ia 4500
000 - LEADER
fixed length control field 02423naaa 00385uu
001 - CONTROL NUMBER
control field https://directory.doabooks.org/handle/20.500.12854/26372
008 - FIXED-LENGTH DATA ELEMENTS--GENERAL INFORMATION
fixed length control field 211013s9999 xx 000 0 und d
024 ## - OTHER STANDARD IDENTIFIER
Standard number or code 10.14324/111.9781787352278
042 ## - AUTHENTICATION CODE
Authentication code dc
245 #0 - TITLE STATEMENT
Title Ethics, Politics and Justice in Dante
260 ## - PUBLICATION, DISTRIBUTION, ETC.
Place of publication, distribution, etc. London
Name of publisher, distributor, etc. UCL Press
Date of publication, distribution, etc. 2019
300 ## - PHYSICAL DESCRIPTION
Extent 1 electronic resource (192 p.)
520 ## - SUMMARY, ETC.
Summary, etc. Ethics, Politics and Justice in Dante presents new research by international scholars on the themes of ethics, politics and justice in the works of Dante Alighieri, including chapters on Dante's modern 'afterlife'. Together the chapters explore how Dante's writings engage with the contemporary culture of medieval Florence and Italy, and how and why his political and moral thought still speaks compellingly to modern readers. The collection's contributors range across different disciplines and scholarly traditions - history, philology, classical reception, philosophy, theology - to scrutinise Dante's Divine Comedy and his other works in Italian and Latin, offering a multi-faceted approach to the evolution of Dante's political, ethical and legal thought throughout his writing career.
540 ## - TERMS GOVERNING USE AND REPRODUCTION NOTE
Terms governing use and reproduction Creative Commons
653 ## - INDEX TERM--UNCONTROLLED
Uncontrolled term Dante
700 1# - ADDED ENTRY--PERSONAL NAME
Personal name Gaimari, Giulia
700 1# - ADDED ENTRY--PERSONAL NAME
Personal name Gaimari, Giulia
700 1# - ADDED ENTRY--PERSONAL NAME
Personal name Keen, Catherine
700 1# - ADDED ENTRY--PERSONAL NAME
Personal name Keen, Catherine
856 ## - ELECTRONIC LOCATION AND ACCESS
Uniform Resource Identifier <a href="https://library.oapen.org/bitstream/20.500.12657/24967/1/Ethics-Politics-and-Justice-in-Dante.pdf">https://library.oapen.org/bitstream/20.500.12657/24967/1/Ethics-Politics-and-Justice-in-Dante.pdf</a>
856 ## - ELECTRONIC LOCATION AND ACCESS
Uniform Resource Identifier <a href="https://library.oapen.org/bitstream/20.500.12657/24967/1/Ethics-Politics-and-Justice-in-Dante.pdf">https://library.oapen.org/bitstream/20.500.12657/24967/1/Ethics-Politics-and-Justice-in-Dante.pdf</a>
856 ## - ELECTRONIC LOCATION AND ACCESS
Uniform Resource Identifier <a href="www.oapen.org">www.oapen.org</a>
942 ## - ADDED ENTRY ELEMENTS (KOHA)
Koha item type E-Book
Holdings
Withdrawn status Source of classification or shelving scheme Damaged status Not for loan Home library Current library Date acquired Total Checkouts Date last seen Price effective from Koha item type
  Library of Congress Classification   Not For Loan Directory of Open Access Books Directory of Open Access Books 12/22/2021   12/22/2021 12/22/2021 E-Book

University of Rizal System
Email us at univlibservices@urs.edu.ph

Visit our Website www.urs.edu.ph/library